| 000 | 00983nam a2200253 a 4500 | ||
|---|---|---|---|
| 001 | 79935 | ||
| 003 | BD-RjUL | ||
| 005 | 20220607145513.0 | ||
| 008 | 220607s2014 ii ||||| |||| 00| 0 eng d | ||
| 020 | _a9789849049791 | ||
| 035 | _a(BD-RjUL)79935 | ||
| 040 |
_aBD-RjUL _beng _cBD-RjUL |
||
| 041 | _aeng | ||
| 082 |
_223 _a780.95492 _bGOB 2014 |
||
| 100 |
_aগোস্বামী, করুণাময় _93492 |
||
| 245 |
_aবাংলা গানের বর্তমান ও আরো / _cকরুণাময় গোস্বামী |
||
| 260 |
_aঢাকা : _bবেঙ্গল পাবলিকেশন্স লিমিটেড, _c২০১৪ |
||
| 300 |
_a৩২৮ পৃ.; _c২২ সেমি. |
||
| 650 |
_aগান, বাংলা _zবাংলাদেশ _93493 |
||
| 650 |
_aSongs, Bengali _zBangladesh _91064 |
||
| 650 |
_aগান, বাংলা _zভারত _93494 |
||
| 650 |
_aSongs, Bengali _zIndia. _93495 |
||
| 942 |
_2ddc _cBK |
||
| 999 |
_c79935 _d79935 |
||